| 000 | 00485nam a22001697a 4500 | ||
|---|---|---|---|
| 005 | 20251108164708.0 | ||
| 008 | 250721s1985 xx 000 0 ara d | ||
| 082 | 1 | 4 | _a750/عبد |
| 100 | 1 | _aكيوان، عبد | |
| 245 | 1 | 0 | _aأصول الرسم و التلوين / |
| 264 | 1 |
_aبيروت : _bدار و مكتبة الهلال للطباعة و النشر، _c1985. |
|
| 300 | _a126ص | ||
| 650 | 1 | 7 | _aالرسم |
| 650 | 1 | 7 | _aالتلوين |
| 942 |
_2ddc _cBK |
||
| 999 |
_c12076 _d12076 |
||